A turizmus oktatásának helyzete és fejlesztési lehetőségei a BGE-n

Bibliográfiai részletek
Szerző: Irmai Krisztián
További közreműködők: Oláh Péter Károly
Dokumentumtípus: Diplomadolgozat
Kulcsszavak:Turizmus oktatás
oktatás
BGE
képzés
hallgatók
Online Access:http://dolgozattar.uni-bge.hu/20587

MARC

LEADER 00000nta a2200000 i 4500
001 dolg20587
005 20190904144226.0
008 190508suuuu hu om 000 hun d
040 |a BGE Dolgozattár Repozitórium  |b hun 
041 |a hu 
100 1 |a Irmai Krisztián 
245 1 2 |a A turizmus oktatásának helyzete és fejlesztési lehetőségei a BGE-n  |c Irmai Krisztián  |h [elektronikus dokumentum] 
246 1 1 |a A turizmus oktatásának helyzete és fejlesztési lehetőségei a BGE-n 
695 |a Turizmus oktatás 
695 |a oktatás 
695 |a BGE 
695 |a képzés 
695 |a hallgatók 
700 1 |a Oláh Péter Károly  |e ths 
856 4 0 |u http://dolgozattar.uni-bge.hu/20587/1/Irmai_Kriszti%C3%A1n_IOSUG9.pdf  |z Dokumentum-elérés